| 000 | 00778pam a2200265 a 4500 | ||
|---|---|---|---|
| 005 | 20260322212042.0 | ||
| 008 | data | ||
| 010 | _a 97000003 | ||
| 020 | _a0295976160 (alk. paper) | ||
| 020 | _a9780295976167 (alk. paper) | ||
| 040 |
_aDLC _cDLC _dDLC |
||
| 043 |
_aa-ja--- _aa-ja--- |
||
| 050 | 0 | 0 |
_aPS3571.C247 _bP5 1997 |
| 082 | 0 | 0 |
_a813/.54 _221 |
| 100 | 1 | _aUchida, Yoshiko. | |
| 245 | 1 | 0 |
_aPicture bride : _ba novel / _cYoshiko Uchida. |
| 250 | _aUniversity of Washington pbk. ed. | ||
| 260 |
_aSeattle, Wash. : _bUniversity of Washington Press, _c1997. |
||
| 300 |
_a216 p. ; _c23 cm. |
||
| 650 | 0 |
_aJapanese American women _xFiction. |
|
| 650 | 0 |
_aJapanese Americans _xFiction. |
|
| 651 | 0 |
_aCalifornia _xFiction. |
|
| 655 | 7 |
_aHistorical fiction. _2gsafd |
|
| 001 | data | ||
| 999 |
_c981 _d981 |
||